[Event "Fajr op 18th"]
[Site "Mashhad"]
[Date "2010.02.26"]
[Round "10"]
[White "Idani, Pouya"]
[Black "Asnaashari, Soroush"]
[Result "1-0"]
[WhiteElo "2227"]
[BlackElo "2102"]
[PlyCount "75"]
[EventDate "2010.02.20"]
[EventType "swiss"]
[EventRounds "11"]
[EventCountry "IRI"]
[SourceTitle "CBM 135 Extra"]
[Source "ChessBase"]
[SourceDate "2010.05.04"]
[SourceVersion "1"]
[SourceVersionDate "2010.05.04"]
[SourceQuality "1"]

1. e4 e5 2. Nf3 Nc6 3. Bb5 a6 4. Bxc6 dxc6 5. 0-0 f6 6. d4 exd4 7. Nxd4 c5 8. Ne2 Qxd1 9. Rxd1 Bd6 10. Bf4 Bxf4 11. Nxf4 Bd7 12. Nc3 0-0-0 13. f3 Ne7 14. Ncd5 Rde8 15. Nxe7+ Rxe7 16. Kf2 Bc6 17. h4 b6 18. Rd2 Rd8 19. Rad1 Rxd2+ 20. Rxd2 Be8 21. Ke3 Bf7 22. a3 Rd7 23. Rxd7 Kxd7 24. g4 b5 25. Nd3 Kd6 26. b4 cxb4 27. axb4 Kc6 28. Kd4 Bc4 29. Nc5 a5 30. bxa5 Be2 31. a6 Kb6 32. Ke3 Bc4 33. c3 Bf7 34. Kd4 Be8 35. Ne6 Bd7 36. Nxg7 Kxa6 37. Kc5 Kb7 38. Nh5 1-0

[Event "Fajr op 18th"]
[Site "Mashhad"]
[Date "2010.02.23"]
[Round "6"]
[White "Asnaashari, Soroush"]
[Black "Alavi, Sayed Javad"]
[Result "1-0"]
[WhiteElo "2102"]
[BlackElo "2431"]
[PlyCount "85"]
[EventDate "2010.02.20"]
[EventType "swiss"]
[EventRounds "11"]
[EventCountry "IRI"]
[SourceTitle "CBM 135 Extra"]
[Source "ChessBase"]
[SourceDate "2010.05.04"]
[SourceVersion "1"]
[SourceVersionDate "2010.05.04"]
[SourceQuality "1"]

1. e4 e5 2. Nf3 Nc6 3. d4 exd4 4. Nxd4 Nf6 5. Nxc6 bxc6 6. e5 Qe7 7. Qe2 Nd5 8. c4 Ba6 9. Qe4 Nb6 10. Nc3 Qe6 11. b3 g6 12. f4 Bb4 13. Bb2 f5 14. Qf3 0-0 15. 0-0-0 Bb7 16. c5 Bxc5 17. Na4 d6 18. Qc3 Nxa4 19. bxa4 a5 20. a3 Bb6 21. exd6 Qe3+ 22. Kc2 Qxc3+ 23. Bxc3 Rfd8 24. d7 c5 25. Bf6 Bc6 26. Bb5 Bxg2 27. Rhe1 Be4+ 28. Rxe4 fxe4 29. Bxd8 Rxd8 30. Bc6 c4 31. Rd5 Bf2 32. Re5 Kf7 33. Rxe4 Bh4 34. Kc3 Be7 35. Kxc4 Rb8 36. Re5 Rb6 37. Kd5 Rb2 38. Bb5 Rc2 39. Bc4 Kf8 40. Re4 c5 41. Kc6 Rxh2 42. Be2 c4 43. Rxe7 1-0